[Event "Pula op 13th"]
[Site "Pula"]
[Date "1999.06.04"]
[Round "6"]
[White "Sale, Srdjan"]
[Black "Hulak, Krunoslav"]
[Result "1-0"]
[WhiteElo "2415"]
[BlackElo "2493"]

1.e4 c5 2.Nc3 Nc6 3.Nge2 e6 4.g3 d5 5.exd5 exd5 6.Bg2 Nf6 7.d4 Bg4 8.h3 cxd4
9.hxg4 dxc3 10.Nxc3 d4 11.Qe2+ Qe7 12.Nd5 Nxd5 13.Bxd5 Qxe2+ 14.Kxe2 Bc5
15.Rh5 Bb6 16.Bf4 g6 17.Rh2 Rc8 18.Rah1 d3+ 19.cxd3 Bd4 20.Bd6 Bxb2 21.Rxh7 Kd7
22.Bf4 Rhe8+ 23.Kf1 Nd8 24.Bxf7 Nxf7 25.Rxf7+ Kc6 26.Rhh7 Bd4 27.Rxb7 Bb6
28.Rbg7 Kb5 29.Re7 Red8 30.Re2 Rxd3 31.Rg7 Rc6 32.Kg2 a5 33.Rge7 a4 34.Rb7 Ka6
35.Rb8 a3 36.Ra8+ Kb7 37.Ra4 Bc5 38.Be5 Kb6 39.Bf4 Kb5 40.Rae4  1-0

[Event "Salongernas IM"]
[Site "Stockholm"]
[Date "1999.06.10"]
[Round "6"]
[White "Klimov, Sergey"]
[Black "Hedman, Erik"]
[Result "1-0"]
[WhiteElo "2432"]
[BlackElo "2348"]

1.e4 c5 2.Nf3 Nc6 3.Nc3 Nf6 4.Bb5 Nd4 5.e5 Nxb5 6.Nxb5 Nd5 7.Ng5 f5 8.O-O e6
9.d4 b6 10.c4 Ba6 11.cxd5 Bxb5 12.dxe6 Bxf1 13.Nf7 Qh4 14.Qxf1 Rg8 15.Qb5 Rd8
16.Bg5  1-0

[Event "Andorra la Vella op"]
[Site "Andorra la Vella"]
[Date "1999.06.27"]
[Round "2"]
[White "Nieminen, Kari"]
[Black "Pogorelov, Ruslan"]
[Result "0-1"]
[WhiteElo "2225"]
[BlackElo "2507"]

1.e4 c5 2.Nc3 Nc6 3.Nf3 e6 4.g3 Nf6 5.Bg2 d6 6.O-O Be7 7.d4 cxd4 8.Nxd4 Bd7
9.h3 O-O 10.Be3 a6 11.a4 Qc7 12.Qe2 Rac8 13.Rad1 Nxd4 14.Bxd4 e5 15.Be3 Qc4
16.Rd3 b5 17.axb5 axb5 18.b3 Qc7 19.Rc1 b4 20.Nd5 Nxd5 21.Rxd5 Bc6 22.Rdd1 Qb7
23.Ra1 Ra8 24.Rxa8 Rxa8 25.Qc4 Ra2 26.Rd2 g6 27.g4 Kg7 28.g5 Ra1+ 29.Kh2 Qb5
30.Qxb5 Bxb5 31.h4 Bc6 32.Bf3 Kf8 33.Re2 Bb5 34.Rd2 Ke8 35.Rd1 Ra2 36.Rc1 Kd7
37.Bd2 f6 38.gxf6 Bxf6 39.Kg3 Bd3 40.Bxb4 Bxc2 41.Bg4+ Ke7 42.f3 h5 43.Bh3 g5
44.hxg5 Bxg5 45.Rg1 Bxb3 46.Rg2 h4+ 47.Kg4 Kf6 48.Rxa2 Kg6  0-1

[Event "World op"]
[Site "Philadelphia"]
[Date "1999.06.29"]
[Round "3"]
[White "Sosa, Luis"]
[Black "Mayer, Steven F"]
[Result "1-0"]
[WhiteElo "2254"]
[BlackElo "2235"]

1.e4 c5 2.Nc3 Nc6 3.Nf3 g6 4.h4 h5 5.Bc4 Bg7 6.d3 Nf6 7.Be3 d6 8.Qd2 a6 9.O-O-O b5
10.Bd5 Bb7 11.Ng5 Nxd5 12.Nxd5 b4 13.Bf4 e6 14.Ne3 d5 15.exd5 exd5 16.Rde1 Kf8
17.Nd1 Kg8 18.Qe2 Qf6 19.Bd2 a5 20.Rh3 Qd6 21.Re3 Bf6 22.Re8+ Kg7 23.Rxh8 Rxh8
24.Qf3 Nd4 25.Qf4 Qc6 26.Re7 Rf8 27.Rxb7 Ne2+  1-0

[Event "Swidnica op"]
[Site "Swidnica"]
[Date "1999.06.29"]
[Round "2"]
[White "Jaracz, Pawel"]
[Black "Kosiorek, Andrzej Jr"]
[Result "1-0"]
[WhiteElo "2439"]
[BlackElo "2075"]

1.e4 c5 2.Nf3 Nc6 3.Nc3 g6 4.d4 cxd4 5.Nxd4 Bg7 6.Nde2 d6 7.g3 Bg4 8.Bg2 Bxc3+
9.bxc3 Qa5 10.O-O Nf6 11.h3 Be6 12.Nf4 O-O 13.Bd2 Ne5 14.Nxe6 fxe6 15.Qe2 Rac8
16.h4 Nc4 17.Be1 Qe5 18.Rd1 Nd5 19.Rd3 Ndb6 20.f4 Qc5+ 21.Bf2 Qb5 22.Bh3 Qd7
23.Qg4 Rf6 24.Bd4 h5 25.Qg5 Kg7 26.g4 Rh8 27.Rg3 Nd2 28.gxh5 Rh6 29.Re1 Qc8
30.f5 Nbc4 31.fxe6 Qh8 32.Bf5  1-0

[Event "Frankfurt-West Masters"]
[Site "Frankfurt"]
[Date "1999.07.01"]
[Round "8"]
[White "Svidler, Peter"]
[Black "Lutz, Christopher"]
[Result "1-0"]
[WhiteElo "2713"]
[BlackElo "2610"]

1.e4 c5 2.Nc3 Nc6 3.Nf3 g6 4.d4 cxd4 5.Nxd4 Bg7 6.Be3 Nf6 7.Bc4 O-O 8.Bb3 Qa5
9.f3 d5 10.exd5 Nb4 11.Qd2 Nbxd5 12.Nxd5 Qxd2+ 13.Kxd2 Nxd5 14.Bxd5 Rd8 15.c4 e6
16.Be4 Bxd4 17.Bxd4 Rxd4+ 18.Kc3 Rd7 19.Rhd1 Rb8 20.Rxd7 Bxd7 21.Rd1 Be8
22.f4 Kf8 23.b4 Ke7 24.b5 b6 25.a4 Rc8 26.Kb3 h6 27.a5 f5 28.Bf3 g5 29.g3 Rc5
30.Kb4 e5 31.fxe5 Rxe5 32.axb6 axb6 33.Bd5 Re2 34.Ra1 Rb2+ 35.Kc3 Rxh2 36.Ra6 f4
37.gxf4 Kd6 38.Rxb6+ Kc5 39.Rb8 Rh3+ 40.Kd2 Bg6 41.b6 Rh2+ 42.Ke1 Rb2 43.b7 Rb1+
44.Kd2 Kd4 45.Rd8 Rb2+ 46.Ke1 Rb1+ 47.Kf2 Rb2+ 48.Kg1 Rb1+ 49.Kh2  1-0

[Event "Ljubljana op 10th"]
[Site "Ljubljana"]
[Date "1999.07.02"]
[Round "8"]
[White "Zelcic, Robert"]
[Black "Volzhin, Alexander"]
[Result "1/2-1/2"]
[WhiteElo "2554"]
[BlackElo "2548"]

1.e4 c5 2.Nf3 Nc6 3.Nc3 g6 4.d4 cxd4 5.Nxd4 Bg7 6.Nb3 Nf6 7.Be2 O-O 8.O-O d6
9.Bg5 a6 10.a4 Be6 11.Kh1 Rc8 12.f4 Na5 13.Nxa5 Qxa5 14.f5 Bc4 15.Bd3 Rfe8
16.Qf3 Qb4 17.Rab1 b5 18.axb5 axb5 19.h3 Qc5 20.Be3 Qc6 21.Ne2 Bxd3 22.cxd3 e6
23.fxe6 fxe6 24.Bg5 Rf8 25.Rbc1 Qd7 26.Rxc8 Qxc8 27.Rc1 Qd7 28.Qe3 Rc8 29.Rxc8+ Qxc8
30.Qb6 Qc5 31.Qd8+ Kf7 32.Bxf6 Bxf6 33.Qd7+ Be7 34.Ng1 b4 35.Qa4 d5 36.Qd1 Bf6
37.b3 Qc6 38.exd5 exd5 39.d4 Qc3 40.Nf3 h5 41.Kh2 Qe3 42.h4 Qf4+ 43.g3 Qe3
44.Kg2 Kg7 45.Kf1 Kf7  1/2-1/2

[Event "Politiken Cup"]
[Site "Copenhagen"]
[Date "1999.07.04"]
[Round "2"]
[White "Mashiri, Arthur"]
[Black "Sylvan, Jacob"]
[Result "0-1"]
[WhiteElo "2073"]
[BlackElo "2271"]

1.e4 c5 2.Nc3 Nc6 3.Nf3 g6 4.b3 Bg7 5.Bb2 Nf6 6.Bd3 Nb4 7.Qe2 O-O 8.a3 Nc6
9.g3 e6 10.Na4 d6 11.c4 b6 12.Nh4 Bb7 13.O-O Re8 14.f4 d5 15.e5 Nd7 16.Nf3 d4
17.Rae1 f6 18.exf6 Bxf6 19.h4 e5 20.Ng5 exf4 21.Qxe8+ Qxe8 22.Rxe8+ Rxe8
23.gxf4 Nd8 24.Kf2 Nf7 25.Rg1 Bd8 26.b4 Bc6 27.Bc2 Bc7 28.Nxh7 Be4 29.Bxe4 Rxe4
30.Nf6+ Nxf6 31.Rxg6+ Kf8 32.Rxf6 Ke7 33.Kf3 Re1 34.Kf2 Rb1 35.h5 Kxf6 36.bxc5 bxc5
37.Nxc5 Rxb2 38.Ne4+ Kg7 39.Kf3 Nd6 40.Ng5 Ba5 41.c5 Nf7 42.Ne6+ Kf6 43.Nxd4 Bxd2
44.Ke4 Ra2 45.Nb3 Bxf4 46.Kxf4 Rxa3 47.Nd2 Ra4+ 48.Ne4+ Ke6 49.Kf3 Rc4  0-1

[Event "Haarlem AKN op 8th"]
[Site "Haarlem"]
[Date "1999.07.04"]
[Round "5"]
[White "Knoppert, Erik G J"]
[Black "Duijn, Richard"]
[Result "1-0"]
[WhiteElo "2382"]
[BlackElo "2221"]

1.e4 c5 2.Ne2 Nc6 3.Nbc3 Nf6 4.g3 d5 5.exd5 Nxd5 6.Bg2 Be6 7.Ne4 b6 8.O-O Rc8
9.b3 Nf6 10.Nxf6+ exf6 11.Bb2 Bd6 12.d4 Ne7 13.Qd2 O-O 14.d5 Bf5 15.c4 Qd7
16.Rfe1 b5 17.cxb5 Qxb5 18.Nc3 Qb7 19.Bf1 Ng6 20.f4 Rfd8 21.Bc4 Nf8 22.a4 h5
23.Re3 h4 24.Qe2 h3 25.Nb5 Bb8 26.Re7 Rd7 27.Re1 Bg4 28.Qe3 a6 29.Nc3 Rxe7
30.Qxe7 Rc7 31.Qe4 Ng6 32.d6 Qxe4 33.Nxe4 Rd7 34.Nf2 Be6 35.Rxe6 fxe6 36.Bxe6+ Rf7
37.d7 Bc7 38.Ba3 Nf8 39.Bxf7+ Kxf7 40.Bxc5 Nxd7 41.Bd4 Ke6 42.Nxh3 Kd5 43.Ba7 Bd6
44.f5 Bc5+ 45.Bxc5 Nxc5 46.Nf4+ Ke5 47.Ne6 Nxb3 48.Nxg7 Nc5 49.h4 Kd6 50.h5 Ne4
51.Ne6 Ke5 52.h6 Nd6 53.Nd8  1-0

[Event "Politiken Cup"]
[Site "Copenhagen"]
[Date "1999.07.08"]
[Round "6"]
[White "Aagaard, Jacob"]
[Black "Schandorff, Lars"]
[Result "0-1"]
[WhiteElo "2403"]
[BlackElo "2514"]

1.e4 c5 2.Nf3 Nc6 3.Nc3 e5 4.Bc4 d6 5.d3 Be7 6.Nd2 Nf6 7.Nf1 Bg4 8.f3 Be6
9.Ne3 O-O 10.O-O Ne8 11.Ncd5 Bg5 12.f4 exf4 13.Nxf4 Bxf4 14.Rxf4 Bxc4 15.Nxc4 d5
16.exd5 Qxd5 17.Qf3 Nc7 18.Qf2 Ne6 19.Rf5 Qd7 20.Be3 b6 21.Qg3 Ncd4 22.Rf2 f6
23.Re1 Rad8 24.h3 Kh8 25.c3 Nc6 26.Bc1 b5 27.Nd2 Ne5 28.Rfe2 Rfe8 29.Nf3 Nxd3
30.Rf1 c4 31.Qg4 Nec5 32.Qxd7 Nxd7 33.Rxe8+ Rxe8 34.Nd4 a6 35.b3 N7c5 36.bxc4 bxc4
37.Ba3 Ne4 38.Rb1 Nxc3 39.Rb7 Nb5 40.Nxb5 axb5 41.Rxb5 Kg8  0-1

[Event "Politiken Cup"]
[Site "Copenhagen"]
[Date "1999.07.10"]
[Round "7"]
[White "Trygstad, Kristian"]
[Black "Steindorsson, Sigurdur Pall"]
[Result "1-0"]
[WhiteElo "2227"]
[BlackElo "2052"]

1.e4 c5 2.Nc3 Nc6 3.Nge2 g6 4.d4 cxd4 5.Nxd4 Bg7 6.Be3 d6 7.Qd2 Nf6 8.f3 O-O
9.O-O-O a6 10.g4 Bd7 11.h4 h5 12.gxh5 Nxh5 13.Nde2 Ne5 14.f4 Nc4 15.Qd3 b5
16.Bd4 Bh6 17.Kb1 Bxf4 18.Nxf4 Nxf4 19.Qf3 e5 20.Bxc4 bxc4 21.Be3 Rb8 22.Rdg1 Qa5
23.Bc1 Kg7 24.h5 Rh8 25.Nd5 Be6 26.Nxf4 exf4 27.hxg6 fxg6 28.Qxf4 Qe5 29.Rxg6+ Kxg6
30.Rg1+ Kh5 31.Rg5+  1-0

[Event "Bydgoszcz Bank Pocztowy op"]
[Site "Bydgoszcz"]
[Date "1999.07.14"]
[Round "3"]
[White "Brodsky, Michail"]
[Black "Solodovnichenko, Yuri"]
[Result "1/2-1/2"]
[WhiteElo "2512"]
[BlackElo "2436"]

1.e4 c5 2.Nc3 Nc6 3.Nf3 e5 4.Bc4 d6 5.d3 Be7 6.Nd2 Bg5 7.Nf1 Bxc1 8.Qxc1 Nge7
9.Ne3 Be6 10.O-O O-O 11.Ned5 a6 12.a4 Nb4 13.a5 Nec6 14.f4 Bxd5 15.Bxd5 exf4
16.Bxc6 Nxc6 17.Qxf4 Nd4 18.Qd2 f5 19.exf5 Nxf5 20.Nd5 Ne7 21.Nb6 Rb8 22.Rxf8+ Kxf8
23.d4 Kg8 24.Qe3 cxd4 25.Qxd4 Qc7 26.Re1 Rf8 27.c3 h6 28.b4 Kh8 29.Qe4 Nc6
30.Rf1  1/2-1/2

[Event "SCO-ch"]
[Site "Edinburgh"]
[Date "1999.07.17"]
[Round "2"]
[White "Rowson, Jonathan"]
[Black "Shaw, John"]
[Result "1-0"]
[WhiteElo "2490"]
[BlackElo "2410"]

1.e4 c5 2.Nf3 Nc6 3.Nc3 g6 4.d4 cxd4 5.Nxd4 Bg7 6.Be3 Nf6 7.Bc4 O-O 8.Bb3 d6
9.f3 Bd7 10.Qd2 a5 11.a4 Rc8 12.O-O Nxd4 13.Bxd4 Bc6 14.Rae1 Nd7 15.Bxg7 Kxg7
16.f4 Qb6+ 17.Kh1 Nc5 18.f5 Nxb3 19.cxb3 Qxb3 20.Rf3 Qb4 21.Rh3 Rh8 22.Qh6+ Kg8
23.fxg6 fxg6 24.Rf3 Qd4 25.Ref1 Qg7 26.Qh3  1-0

[Event "Southern Californian-ch"]
[Site "Los Angeles"]
[Date "1999.07.18"]
[Round "7"]
[White "Yee, Karl Y"]
[Black "Lee, Dan"]
[Result "0-1"]
[WhiteElo "2293"]
[BlackElo "2211"]

1.e4 c5 2.Nc3 Nc6 3.Bb5 Nd4 4.Nf3 g6 5.O-O Bg7 6.Nxd4 cxd4 7.Ne2 e6 8.c3 a6
9.Ba4 dxc3 10.dxc3 Nf6 11.f3 O-O 12.Qd6 b5 13.Bb3 a5 14.a4 Ba6 15.Rf2 b4
16.cxb4 axb4 17.Be3 Qb8 18.Rd1 Rc8 19.Qxb8 Raxb8 20.a5 d5 21.exd5 Nxd5 22.Bxd5 exd5
23.Nf4 d4 24.Bd2 Rc2 25.Be1 d3 26.Nxd3 Bd4 27.Nf4 Re8  0-1

[Event "Komercni Banka op"]
[Site "Pardubice"]
[Date "1999.07.18"]
[Round "3"]
[White "Timagin, Piotr"]
[Black "David, Alberto"]
[Result "0-1"]
[WhiteElo "2318"]
[BlackElo "2544"]

1.e4 c5 2.Nc3 Nc6 3.Nf3 g6 4.d4 cxd4 5.Nxd4 Bg7 6.Nb3 Nf6 7.Be2 O-O 8.O-O d6
9.Bg5 b6 10.Re1 Bb7 11.Bf1 Nd7 12.Qd2 Re8 13.Bh6 Bh8 14.Re3 a6 15.Rh3 Nce5
16.Re1 b5 17.Qf4 Rc8 18.Nd4 Nf6 19.Qh4 Neg4 20.Bg5 Qb6 21.Rd3 Rc4 22.Nb3 Bxe4
23.Rh3 Rxc3 24.bxc3 h5 25.Bd3 Ba8 26.Nd2 Nd5 27.c4 bxc4 28.Nxc4 Qc5 29.Ne3 Bc3
30.Rf1 Ndxe3 31.Bxe3 Qd5 32.Rf3 Be5 33.Bf4 Bxf4 34.h3 Bh2+ 35.Kh1 Qxf3  0-1

[Event "Paris-ch"]
[Site "Paris"]
[Date "1999.07.18"]
[Round "2"]
[White "Suarez Pousa, Diego"]
[Black "Tisseyre, Laurent"]
[Result "1-0"]
[WhiteElo "2315"]
[BlackElo "2083"]

1.e4 c5 2.Nc3 Nc6 3.Nf3 e5 4.Bc4 d6 5.d3 Bg4 6.O-O Nf6 7.Ne2 Be7 8.c3 O-O
9.Ng3 h5 10.Bg5 d5 11.exd5 Nxd5 12.Bxe7 Ndxe7 13.h3 h4 14.hxg4 hxg3 15.fxg3 Ng6
16.Qe2 Qe7 17.Rae1 Rae8 18.Qe4 a6 19.Qxg6  1-0

[Event "Bydgoszcz Bank Pocztowy op"]
[Site "Bydgoszcz"]
[Date "1999.07.19"]
[Round "8"]
[White "Fedorchuk, Sergey A"]
[Black "Agamaliev, Gamil"]
[Result "0-1"]
[WhiteElo "2457"]
[BlackElo "2478"]

1.e4 c5 2.Nf3 Nc6 3.Nc3 Nf6 4.e5 Ng4 5.Qe2 d6 6.exd6 Qxd6 7.Ne4 Qd7 8.c3 b6
9.d4 cxd4 10.cxd4 e6 11.Bd2 Be7 12.Rc1 O-O 13.Qb5 Bb7 14.Bd3 f5 15.Ng3 Qd6
16.O-O Rad8 17.Bc3 Nf6 18.Rfe1 Nd5 19.Qb3 Kh8 20.Nf1 Bf6 21.Rcd1 Rc8 22.N1d2 Nxc3
23.bxc3 Na5 24.Qb2 Rc7 25.Re3 Qc6 26.Bb5 Qd5 27.Rde1 Re7 28.Bd3 Rd8 29.Qc2 g6
30.Bf1 g5 31.Ne5 g4 32.f4 gxf3 33.Ndxf3 Rg8 34.Nd3 Nc4 35.Nf4 Nxe3 36.Rxe3 Qd6
37.Nd3 f4  0-1

[Event "Paris-ch"]
[Site "Paris"]
[Date "1999.07.19"]
[Round "3"]
[White "Carrasco, Patrick"]
[Black "Fortuit, Nicolas"]
[Result "1-0"]
[WhiteElo "2116"]
[BlackElo "2045"]

1.e4 c5 2.Nc3 Nc6 3.Nf3 g6 4.d4 cxd4 5.Nxd4 Bg7 6.Be3 Nf6 7.Bc4 Qa5 8.O-O O-O
9.Kh1 Qb4 10.Bb3 e5 11.a3 Qa5 12.Ndb5 Nxe4 13.Nxe4 Qxb5 14.Nd6 Qa5 15.Qf3 Ne7
16.Bxf7+ Kh8 17.Qh3 Qc7 18.Rad1 Qxc2 19.Bg5 Nf5 20.Bxg6 Ng3+ 21.fxg3 Qxg6
22.Be7 Rxf1+ 23.Rxf1 b6 24.Rc1 Bh6 25.Re1 Bg7 26.b4 b5 27.g4 Rb8 28.Qc3 Ba6
29.Qc7 Rg8 30.Qxd7 e4 31.Qf5 Qxf5 32.gxf5  1-0

[Event "Biel MTO"]
[Site "Biel"]
[Date "1999.07.20"]
[Round "10"]
[White "Ciric, Dragan"]
[Black "Cebalo, Miso"]
[Result "1/2-1/2"]
[WhiteElo "2205"]
[BlackElo "2453"]

1.e4 c5 2.Nf3 Nc6 3.Nc3 g6 4.d4 cxd4 5.Nxd4 Bg7 6.Be3 Nf6 7.Bc4 O-O 8.O-O d6
9.h3 Bd7 10.Bb3 a6 11.f4 b5 12.a3 Rc8 13.Rf2 Qc7 14.Nf3 Qb8 15.Rb1 a5 16.Qd3 a4
17.Ba2 Na5 18.e5 Bf5 19.exf6 Bxd3 20.fxg7 Kxg7 21.cxd3 Nb3 22.Bxb3 axb3 23.Nd5 Qb7
24.Nb4 Rfe8 25.Nd2 f5 26.Nxb3 e5 27.Nd2 h6 28.Rbf1 Rc7 29.d4 exd4 30.Bxd4+ Kf7
31.Nb3 Re4 32.Bc3  1/2-1/2

[Event "Dutch Open"]
[Site "Dieren"]
[Date "1999.07.20"]
[Round "1"]
[White "De Heer, Machiel"]
[Black "Van Wely, Loek"]
[Result "0-1"]
[WhiteElo "2316"]
[BlackElo "2629"]

1.e4 c5 2.Nc3 Nc6 3.Nge2 g6 4.d4 cxd4 5.Nxd4 Bg7 6.Nde2 h5 7.g3 h4 8.gxh4 Rxh4
9.Bg2 d6 10.Be3 Nf6 11.f4 Bh3 12.Bxh3 Rxh3 13.Qd2 Qa5 14.Nd5 Nxd5 15.exd5 Nb4
16.O-O Qxd5 17.Qxb4 Rxe3 18.Rad1 Qe4 19.Qxe4 Rxe4 20.Ng3 Ra4 21.f5 Rxa2  0-1

[Event "Komercni Banka op"]
[Site "Pardubice"]
[Date "1999.07.20"]
[Round "5"]
[White "Hracek, Zbynek"]
[Black "Nun, Jiri"]
[Result "1-0"]
[WhiteElo "2629"]
[BlackElo "2375"]

1.e4 c5 2.Nf3 Nc6 3.Nc3 Nf6 4.Bb5 Nd4 5.e5 Nxb5 6.Nxb5 Nd5 7.Ng5 f6 8.Ne4 f5
9.c4 Nc7 10.Nxc5 Nxb5 11.cxb5 Qb6 12.d4 Qxb5 13.Nd3 g6 14.O-O Bg7 15.a4 Qc4
16.Be3 b6 17.Rc1 Qf7 18.Qf3 Rb8 19.Rc7 a5 20.h4 O-O 21.h5 gxh5 22.Rfc1 e6
23.Nf4 Qe8 24.R1c3 h4 25.b3 Kh8 26.Qh5 Qxh5 27.Nxh5 h6 28.Bc1 Rd8 29.Ba3 Bf8
30.Bxf8 Rxf8 31.Nf6 Kg7 32.Nxd7 Bxd7 33.Rxd7+ Rf7 34.Rd6 Re7 35.Rcc6 b5 36.Rxe6 Rxe6
37.Rxe6 bxa4 38.bxa4 Rd8 39.Rd6 Rxd6 40.exd6 Kf7 41.f3 Ke6 42.Kf2  1-0

[Event "Paris-ch"]
[Site "Paris"]
[Date "1999.07.20"]
[Round "4"]
[White "Barczay, Laszlo"]
[Black "Yacob, Francois"]
[Result "1-0"]
[WhiteElo "2402"]
[BlackElo "2262"]

1.e4 c5 2.Nf3 Nc6 3.Nc3 e6 4.Bb5 Nd4 5.Bd3 Ne7 6.Nxd4 cxd4 7.Ne2 Nc6 8.O-O Bc5
9.a3 a6 10.Bc4 Ne5 11.d3 O-O 12.Bb3 Kh8 13.f4 Nc6 14.f5 Ne7 15.Ng3 f6 16.Qg4 d5
17.fxe6 Rg8 18.exd5 Nxd5 19.Qf5  1-0

[Event "Paris-ch"]
[Site "Paris"]
[Date "1999.07.20"]
[Round "4"]
[White "Suarez Pousa, Diego"]
[Black "Komarov, Dimitri"]
[Result "1/2-1/2"]
[WhiteElo "2315"]
[BlackElo "2582"]

1.e4 c5 2.Nc3 Nc6 3.Nf3 e5 4.Bc4 Be7 5.d3 d6 6.O-O Nf6 7.Ne2 O-O 8.Ng3 Rb8
9.c3 Na5 10.Bb5 a6 11.Ba4 b5 12.Bc2 Nc6 13.Qe2 Re8 14.h3 Bf8 15.Nh2 d5 16.Bg5 Be7
17.Qf3 d4 18.Nf5 Bxf5 19.Qxf5 Qd7 20.Qf3 dxc3  1/2-1/2

[Event "Biel MTO"]
[Site "Biel"]
[Date "1999.07.21"]
[Round "2"]
[White "Ciric, Dragan"]
[Black "Tyomkin, Dimitri"]
[Result "0-1"]
[WhiteElo "2205"]
[BlackElo "2495"]

1.e4 c5 2.Nf3 Nc6 3.Nc3 d6 4.d4 cxd4 5.Nxd4 Nf6 6.Bc4 Qb6 7.Nb3 e6 8.O-O a6
9.a4 Qc7 10.a5 Be7 11.f4 O-O 12.Be3 Nd7 13.Na4 Nxa5 14.Nxa5 b5 15.Bd3 bxa4
16.Rxa4 Nc5 17.Ra2 Rb8 18.c3 Nxd3 19.Qxd3 Rb5 20.b4 f5 21.exf5 Rbxf5 22.Qc4 Qxc4
23.Nxc4 Bb7 24.Na5 Be4 25.Rd1 Rc8 26.c4 Rb8 27.Rd4 Ba8 28.Bd2 e5 29.Rd3 exf4
30.Bc3 Rc8 31.Re2 Kf7 32.h3 g5 33.g4 fxg3 34.Rxg3 Bd8 35.Bd2 h6 36.Rd3 Be7
37.c5 Bd5 38.Rf2 Rxf2 39.Kxf2 Be4 40.Re3 Ba8 41.Nc4  0-1

[Event "Komercni Banka op"]
[Site "Pardubice"]
[Date "1999.07.24"]
[Round "9"]
[White "David, Alberto"]
[Black "Abou el Zein, Eid Mahmoud"]
[Result "1-0"]
[WhiteElo "2544"]
[BlackElo "2351"]

1.e4 c5 2.Nf3 Nc6 3.Nc3 Nf6 4.d4 cxd4 5.Nxd4 e5 6.Ndb5 d6 7.Bg5 a6 8.Na3 b5
9.Bxf6 gxf6 10.Nd5 Bg7 11.c3 f5 12.exf5 Bxf5 13.Nc2 O-O 14.Nce3 Be6 15.Bd3 f5
16.O-O Kh8 17.f4 Ne7 18.Bc2 Ng6 19.fxe5 Qg5 20.Rf3 Rf7 21.Rg3 Qd8 22.Qh5 Nxe5
23.Nf4 Qd7 24.Nxe6 Qxe6 25.Nxf5 Bf6 26.Rf1 Bd8 27.Rg7 Bb6+ 28.Kh1 Rxg7 29.Nxg7 Qg8
30.Ne6 Ng6 31.Qf5 Bd8 32.Qd5 Be7 33.Bxg6 hxg6 34.Rf3 Qc8 35.Qd4+  1-0

[Event "Komercni Banka op"]
[Site "Pardubice"]
[Date "1999.07.24"]
[Round "9"]
[White "Stocek, Jiri"]
[Black "Smetankin, Stanislav"]
[Result "1-0"]
[WhiteElo "2532"]
[BlackElo "2385"]

1.e4 c5 2.Nf3 Nc6 3.Nc3 d6 4.d4 cxd4 5.Nxd4 Nf6 6.Bg5 e6 7.Qd2 a6 8.O-O-O Bd7
9.Be2 Nxd4 10.Qxd4 Qa5 11.f4 Bc6 12.Kb1 Rd8 13.Bxf6 gxf6 14.Nd5 Bxd5 15.exd5 Bg7
16.dxe6 fxe6 17.Bc4 d5 18.Bb3 O-O 19.f5 exf5 20.Rhe1 Qc7 21.Qd3 Kh8 22.Bxd5 f4
23.Qf5 Qd7 24.Qh5 Rfe8 25.Rxe8+ Qxe8 26.Qxe8+ Rxe8 27.Bxb7 a5 28.a4 Bf8 29.Rd7 Re7
30.Rxe7 Bxe7 31.Ka2 Kg7 32.Kb3 Kf7 33.Kc4 Ke6 34.Kb5 Bd8 35.Bf3 f5 36.h4 Kd7
37.h5 h6 38.c3 Kc8 39.b4 Kb8 40.Ka6 Bf6 41.bxa5 Bxc3 42.Kb5  1-0

[Event "Dutch Open"]
[Site "Dieren"]
[Date "1999.07.26"]
[Round "7"]
[White "Werle, Jan"]
[Black "Ribshtein, Nati"]
[Result "0-1"]
[WhiteElo "2216"]
[BlackElo "2349"]

1.e4 c5 2.Nc3 Nc6 3.Nge2 g6 4.d4 cxd4 5.Nxd4 Bg7 6.Nb3 Nf6 7.Be2 O-O 8.O-O d6
9.Bg5 a6 10.a4 Be6 11.Kh1 Rc8 12.f4 Nb4 13.f5 Bc4 14.Rf3 Qc7 15.Bxc4 Qxc4
16.Rf4 Nh5 17.Rh4 Be5 18.Bxe7 Rfe8 19.Bg5 b5 20.axb5 axb5 21.Nd2 Qc5 22.Nf3 Bg7
23.Qd2 Bxc3 24.bxc3 Qxc3 25.Qxc3 Rxc3 26.Rb1 Nxc2 27.Rxb5 Rd3 28.Rb1 Ng7
29.fxg6 fxg6 30.Bf6 Nh5 31.Bg5 Ng7 32.h3 Ne6 33.Bf6 Nc5 34.e5 Nd7 35.Rc1 Ne3
36.Rc7 dxe5 37.Nxe5 Rd1+ 38.Kh2 Nxf6 39.Nf7 Nf1+ 40.Kg1 Ne3+ 41.Kh2 Nf5 42.Ra4 Rd7
43.Raa7 Rxc7 44.Rxc7 Re2 45.Kg1 Nd5  0-1

[Event "Korinthos op 3rd"]
[Site "Korinthos"]
[Date "1999.07.26"]
[Round "3"]
[White "Popov, Venci"]
[Black "Vouldis, Angelos"]
[Result "0-1"]
[WhiteElo "2312"]
[BlackElo "2496"]

1.e4 c5 2.Ne2 Nc6 3.Nbc3 g6 4.d4 cxd4 5.Nxd4 Bg7 6.Be3 Nf6 7.Bc4 O-O 8.Bb3 d6
9.h3 Bd7 10.O-O Nxd4 11.Bxd4 Bc6 12.Qd3 Qa5 13.Rfe1 Nd7 14.Bxg7 Kxg7 15.Rad1 Rac8
16.Re3 Qe5 17.Bd5 Nf6 18.Rf1 Qf4 19.g3 Qh6 20.Kg2 Bd7 21.h4 b5 22.a3 a5 23.Bb3 a4
24.Bd5 Qh5 25.f3 e6 26.Ba2 Qc5 27.Rf2 b4 28.axb4 Qxb4 29.Nd1 Rfd8 30.c3 Qb8
31.Rd2 Bc6 32.Qd4 e5 33.Qd3 d5 34.Qe2 dxe4 35.fxe4 Rxd2 36.Qxd2 Nxe4 37.Rxe4 Bxe4+  0-1

[Event "Dutch Open"]
[Site "Dieren"]
[Date "1999.07.28"]
[Round "9"]
[White "Werle, Jan"]
[Black "Odendahl, Reiner"]
[Result "1/2-1/2"]
[WhiteElo "2216"]
[BlackElo "2332"]

1.e4 c5 2.Nc3 Nc6 3.Bb5 g6 4.f4 Bg7 5.Nf3 Nd4 6.Nxd4 cxd4 7.Ne2 Nf6 8.Ng3 O-O
9.O-O d6 10.d3 Qb6 11.Ba4 Bd7 12.Bb3 a5 13.a4 Be6 14.Ra3 Rac8 15.Bxe6 fxe6
16.Rb3 Qc6 17.Rf2 Nd7 18.Rb5 b6 19.b3 Rf7 20.Rg5 Nf8 21.Rb5 Nd7 22.Rg5 Qc3
23.h4 Bf6 24.Rg4 Bg7 25.h5 Nf8 26.f5 Rc5 27.Qf1 Qa1 28.hxg6 hxg6 29.Kh2 exf5
30.exf5 gxf5 31.Nxf5 Rcxf5 32.Rxf5 Rxf5 33.Rxg7+ Kxg7 34.Bh6+ Kxh6 35.Qxa1 e5
36.Qa3 Rf6 37.b4 axb4 38.Qxb4 Nd7 39.Qb5 Nc5 40.Qxb6 Nxa4 41.Qd8 Kg5 42.Qg8+ Rg6
43.Qd8+ Rf6 44.g4 Nc3 45.Kg2 Ne2 46.Qg8+ Rg6 47.Qh7 Nf4+ 48.Kg3 Rf6 49.Qh1  1/2-1/2

[Event "Korinthos op 3rd"]
[Site "Korinthos"]
[Date "1999.07.28"]
[Round "5"]
[White "Marjanovic, Slavoljub"]
[Black "Tzermiadianos, Andreas"]
[Result "1/2-1/2"]
[WhiteElo "2508"]
[BlackElo "2432"]

1.e4 c5 2.Nc3 Nc6 3.Nge2 Nf6 4.d4 cxd4 5.Nxd4 e5 6.Ndb5 d6 7.Bg5 a6 8.Na3 b5
9.Nd5 Be7 10.Bxf6 Bxf6 11.c3 O-O 12.Nc2 Bg5 13.a4 bxa4 14.Rxa4 a5 15.Bb5 Ne7
16.Ncb4 Be6 17.Nxe7+ Qxe7 18.Bc6 Rac8 19.Rxa5 Rxc6 20.Nxc6 Qb7 21.h4 Bf6
22.Qxd6 Rc8 23.Rc5 Bd7 24.Ne7+ Bxe7 25.Qxe7 Qxe4+ 26.Kd2 Qf4+ 27.Ke2 Qe4+
28.Kd2 Qf4+  1/2-1/2

[Event "Aceimar op 6th"]
[Site "Mondariz Balneario"]
[Date "1999.07.28"]
[Round "2"]
[White "Mitkov, Nikola"]
[Black "Fernando, Diego"]
[Result "0-1"]
[WhiteElo "2509"]
[BlackElo "2221"]

1.e4 c5 2.Nc3 Nc6 3.Nf3 d6 4.d4 cxd4 5.Nxd4 Nf6 6.Bc4 e6 7.Be3 Be7 8.f4 a6
9.Qf3 O-O 10.Bb3 Nxd4 11.Bxd4 b5 12.Bxf6 Bxf6 13.e5 Bh4+ 14.g3 Rb8 15.O-O-O Bb7
16.Ne4 Bxe4 17.Qxe4 d5 18.Qf3 Be7 19.f5 a5 20.c3 a4 21.Bc2 Bg5+ 22.Kb1 b4
23.h4 Bh6 24.f6 bxc3 25.Qxc3 Qb6 26.Qd4 Qb7 27.Rh2 Rfc8 28.b3 Rc4 29.Qd3 Re4
30.Re2 axb3 31.Bxb3 Rxe2 32.Qxe2 Qc7 33.Kb2 Rb6 34.a4 Rc6 35.Qe1 gxf6 36.exf6 Bf8
37.Qe3 Qd6 38.Ra1 d4 39.Qg5+ Kh8 40.Qb5 d3 41.Rd1 d2 42.Kb1 Rc5 43.Qe2 Rc3
44.Qb5 Rc5 45.Qe2 Rc3 46.Qb5 Rc8 47.g4 Qf4 48.Ka2 Rc1 49.Qd3 Qxf6 50.Bc2 Qa1+
51.Kb3 Qa3+ 52.Kc4 Qb4+  0-1

[Event "Aceimar op 6th"]
[Site "Mondariz Balneario"]
[Date "1999.07.28"]
[Round "2"]
[White "Gomez Lopez, Roberto"]
[Black "Pogorelov, Ruslan"]
[Result "0-1"]
[WhiteElo "2218"]
[BlackElo "2489"]

1.e4 c5 2.Nf3 Nc6 3.Nc3 e6 4.g3 d6 5.Bg2 Nf6 6.O-O Be7 7.d3 O-O 8.Nd2 Rb8
9.a4 a6 10.f4 Nd7 11.Nc4 b5 12.axb5 axb5 13.Ne3 Nd4 14.Ne2 b4 15.c3 bxc3
16.bxc3 Nb3 17.Rb1 Nxc1 18.Qxc1 Rxb1 19.Qxb1 Ba6 20.c4 Qc7 21.Qa2 Ra8 22.h4 Bb7
23.Qb3 Rb8 24.Qa2 Bc6 25.Rb1 Rxb1+ 26.Qxb1 g6 27.h5 gxh5 28.Kf2 h4 29.g4 h6
30.Ng1 Nf8 31.Nh3 Bf6 32.Bf3 Bd4 33.g5 hxg5 34.Nxg5 Ng6 35.Qg1 Qa5 36.Be2 Qd2
37.Kf3 Kf8 38.Qf2 Ba4 39.Nh3 Bc2 40.Nf1 Qc3 41.Qg2 Bxd3 42.Bxd3 Qxd3+ 43.Kg4 Qd1+
44.Kg5 Kg7  0-1

[Event "Aceimar op 6th"]
[Site "Mondariz Balneario"]
[Date "1999.07.31"]
[Round "5"]
[White "Reinaldo Castineira, Roi"]
[Black "Ruiz de la Cuesta, Ramon"]
[Result "1-0"]
[WhiteElo "2325"]
[BlackElo "2158"]

1.e4 c5 2.Nf3 Nc6 3.Nc3 d6 4.d4 cxd4 5.Nxd4 Nf6 6.Bg5 Qa5 7.Bxf6 gxf6 8.Nb3 Qb6
9.Nd5 Qd8 10.Qh5 a6 11.f4 e6 12.Ne3 Qb6 13.Nc4 Qc7 14.O-O-O b5 15.Ne3 Bb7
16.Qh3 Na5 17.g3 Nxb3+ 18.axb3 O-O-O 19.Nd5 Qa5 20.Kb1 Kb8 21.Nxf6 Be7 22.Qh6 Bxf6
23.Qxf6 Bxe4 24.Rg1 Qb6 25.Bg2 Bg6 26.Rge1 Qc7 27.Be4 d5 28.Bd3 Rhe8 29.f5 Bh5
30.Rd2 Qa5 31.c3 d4 32.fxe6 dxc3 33.bxc3 Rxd3 34.Rxd3 Bg6 35.Kb2 fxe6 36.Rd7 b4
37.cxb4 Qb6 38.Red1 Rc8 39.Rd8 Qc7 40.Rxc8+  1-0